000 00288nam a22001337a 4500
003 SGT
082 _aBAN,541
100 _aBANSAL, RAJESH
245 _aPHYSICAL CHEMISTRY- 2
260 _aMEERUT
_bPRAGATI PRAKASHAN
_c2016
300 _a186
650 _a CHEMISTRY
942 _2ddc
_cFPS
_017
999 _c10058
_d10058